| 000 | 00784nam a2200277 a 4500 | ||
|---|---|---|---|
| 001 | 000112586 | ||
| 003 | CHAP | ||
| 005 | 20220329144313.0 | ||
| 008 | 160727s2007 mx a |r| ||||1|spa d | ||
| 010 | _a109047 | ||
| 011 | _a110019 | ||
| 020 | _a9789680203727 | ||
| 040 | _cCHAP | ||
| 082 | 0 | 4 |
_a583.4609725 _bZ39 |
| 100 | 0 | 0 |
_aZavala Chávez, Fernando _9123771 |
| 245 | 0 |
_aGuía de los encinos de la Sierra de Tepotzotlán, México / _cpor Fernando Zavala Chávez. |
|
| 260 |
_aChapingo, Méx. : _bUACH., _c2007. |
||
| 300 |
_a89 p. : _bil. |
||
| 590 |
_aE5765TAJ _b05 _c20160727 _lUCH01 _h1251 |
||
| 650 | 1 | 4 |
_aÁrboles _xClasificación. _982435 |
| 650 | 1 | 4 |
_aÁrboles _xIdentificación. _982437 |
| 650 | 1 | 4 |
_aQuercus. _993173 |
| 901 | _aBK | ||
| 942 | _cLIBRO | ||
| 942 | _n0 | ||
| 999 |
_c109047 _d109047 |
||